00338nam a2200133Ia 4500008004100000020001500041041001200056082001600068100001600084245005200100260002900152300000800181650001500189221030s9999 xx 000 0 und d a817648623X aEnglish a105.23bRed aR. J. Reddy 0aOrganisational Behaviour & Industrial Relations bAPH PubaNew Delhic2004 a113 aManagement